000 00322nam a2200145Ia 4500
100 _aWagolikar/K.S/ Mandke/ P.V
942 _cBK
654 _aEngg. Drawing
245 _aEngineering Drawing
260 _bNirali prakashan
_aPune
_c1984
082 _a604.2
_bWag/Man
300 _a283
546 _aENGLISH
999 _c29517
_d29517